000 00494nam a2200169Ia 4500
003 GCL
008 140319s9999 xx 000 0 ara d
040 _aGCL /
_cGCL
082 0 4 _a621.437
_bم م
100 1 _aمحمود ربيع الملط
245 1 0 _aمحركات الديزل /
_cمحمود ربيع الملط
260 _a[S.N] :
_bمنشاة المعارف الاسلامية ،
_c1983
300 _a656 ص
490 _a
650 0 4 _aمحركات الديزل
942 _2ddc
_cBK
999 _c53820
_d53820